<?xml version="1.0" encoding="UTF-8"?>
<record
    xmlns:xsi="http://www.w3.org/2001/XMLSchema-instance"
    xsi:schemaLocation="http://www.loc.gov/MARC21/slim http://www.loc.gov/standards/marcxml/schema/MARC21slim.xsd"
    xmlns="http://www.loc.gov/MARC21/slim">

  <leader>01633nam a22002177a 4500</leader>
  <controlfield tag="005">20220322152040.0</controlfield>
  <controlfield tag="008">220314b           ||||| |||| 00| 0 eng d</controlfield>
  <datafield tag="020" ind1=" " ind2=" ">
    <subfield code="a">9789350901878</subfield>
  </datafield>
  <datafield tag="040" ind1=" " ind2=" ">
    <subfield code="c">AL</subfield>
  </datafield>
  <datafield tag="041" ind1=" " ind2=" ">
    <subfield code="a">eng</subfield>
  </datafield>
  <datafield tag="082" ind1=" " ind2=" ">
    <subfield code="2">23</subfield>
    <subfield code="a">614.44</subfield>
    <subfield code="b">ROYM</subfield>
  </datafield>
  <datafield tag="100" ind1=" " ind2=" ">
    <subfield code="a">Rabindra Nath Roy</subfield>
    <subfield code="9">23565</subfield>
  </datafield>
  <datafield tag="245" ind1=" " ind2=" ">
    <subfield code="a">Mahajan and Gupta textbook of preventive and social medicine</subfield>
  </datafield>
  <datafield tag="250" ind1=" " ind2=" ">
    <subfield code="a">4th ed.</subfield>
  </datafield>
  <datafield tag="260" ind1=" " ind2=" ">
    <subfield code="a">New Delhi</subfield>
    <subfield code="b">Jaypee Brothers Medical Publishers</subfield>
    <subfield code="c">2013</subfield>
  </datafield>
  <datafield tag="300" ind1=" " ind2=" ">
    <subfield code="a">xvii,703p.</subfield>
    <subfield code="b">PB.</subfield>
    <subfield code="c">27x21cm.</subfield>
  </datafield>
  <datafield tag="365" ind1=" " ind2=" ">
    <subfield code="2">General</subfield>
    <subfield code="a">VBI-1343</subfield>
    <subfield code="b">&#x20B9;1012.50</subfield>
    <subfield code="c">&#x20B9;</subfield>
    <subfield code="d">&#x20B9;1350.00</subfield>
    <subfield code="e">25C%</subfield>
    <subfield code="f">21-02-2022</subfield>
  </datafield>
  <datafield tag="520" ind1=" " ind2=" ">
    <subfield code="a">Almost all the chapters have been thoroughly revised and updated in this edition; notably among those are  emiologycommunicable and noncommunicable diseases, MCH and family planning, management, demography and vital statistics, disaster, biomedical waste management, food and nutrition, immunization, geriatrics, communication, etc. National Health Programs have also been thoroughly revised and updated. New data have been incorporated, wherever applicable. Latest SRS and census data have also been included. Various domains that are of importance, both in theory, practical and viva of MBBS examination have been highlighted with examples and justification. Many postgraduate study materials have also been incorporated with references for further reading. Various flow charts, diagrams and pictures have been introduced for clarity of understanding. Students will be benefited for their preparation in answering MCQ for their Postgraduate Entrance Examination.</subfield>
  </datafield>
  <datafield tag="650" ind1=" " ind2=" ">
    <subfield code="2">Public Health</subfield>
    <subfield code="a">Medicine Health</subfield>
    <subfield code="9">23566</subfield>
  </datafield>
  <datafield tag="942" ind1=" " ind2=" ">
    <subfield code="2">ddc</subfield>
    <subfield code="c">BK</subfield>
  </datafield>
  <datafield tag="999" ind1=" " ind2=" ">
    <subfield code="c">221856</subfield>
    <subfield code="d">221856</subfield>
  </datafield>
  <datafield tag="952" ind1=" " ind2=" ">
    <subfield code="0">0</subfield>
    <subfield code="1">0</subfield>
    <subfield code="2">ddc</subfield>
    <subfield code="4">0</subfield>
    <subfield code="7">0</subfield>
    <subfield code="8">FST</subfield>
    <subfield code="a">SACPG</subfield>
    <subfield code="b">SACPG</subfield>
    <subfield code="d">2022-03-08</subfield>
    <subfield code="e">VBI-1343</subfield>
    <subfield code="g">1012.50</subfield>
    <subfield code="l">1</subfield>
    <subfield code="o">614.44 ROYM</subfield>
    <subfield code="p">PG023742</subfield>
    <subfield code="r">2023-02-13 00:00:00</subfield>
    <subfield code="s">2023-02-03</subfield>
    <subfield code="v">1350.00</subfield>
    <subfield code="w">2022-03-14</subfield>
    <subfield code="y">BK</subfield>
  </datafield>
</record>
